French Sub1s Quiz (JKLM Bombparty) - Statistics

General Stats
  • This quiz has been taken 17 times
  • The average score is 60 of 76
Answer Stats
Prompt Answer % Correct
VAX Antivax
90%
ULX Aulx
90%
CYX Coccyx
90%
RNF Cornflakes
90%
DUX Duxelles
90%
XEQ Exequatur
90%
UJS Feujs
90%
FYN/YNB Fynbos
90%
OYM Goym
90%
GYG Gygis
90%
HUO Huons
90%
ZZY Jazzy
90%
KSI Ksi
90%
KUV/ASZ Kuvasz
90%
UIZ Quiz
90%
WAO Waouh
90%
QFS Waqfs
90%
WAX Wax
90%
GOW Wendigowak
90%
QIS Xiangqis
90%
ONX Bronx
80%
UHS Chleuhs
80%
NPH Chlorfenvinphos
80%
WPO Cowpox
80%
WLO Crawlons
80%
UWS Dauws
80%
SKS Desks
80%
GRS Draugrs
80%
VOH Evohe
80%
XEA Exeat
80%
EXL/XL/XLI Exlibris
80%
LDG Feldgrau
80%
QHS Fiqhs
80%
ADZ Gadzarts
80%
OSZ Grosz
80%
GWE Gwerz
80%
WIO Interviewions
80%
EWO Interviewons
80%
JIU Jiu-jitsu
80%
IFK/FKI Kifkif
80%
MLS Kremls
80%
PME Midshipmen
80%
SVO Mitsvot
80%
UQA Muqarnas
80%
GMU Nystagmus
80%
HAX Panchax
80%
NHS Planhs
80%
OXV/XVI Poxvirus
80%
NPL Rantanplan
80%
DYX Sandyx
80%
RCQ Sercquiais
80%
WBI Showbiz
80%
WME Showmen
80%
KYP Skyphos
80%
KTS Tadelakts
80%
PPS Trapps
80%
AEU Uraeus
80%
KUI Angakuit
70%
RBS Corbs
70%
KRS Dhikrs
70%
JIO Galejions
70%
GEX Gex
70%
OIM Goim
70%
HYK Hyksos
70%
RSQ Lorsque
70%
AVS Moshavs
70%
HLS Peuhls
70%
PYA Pyanepsies
70%
OIB Rooibos
70%
TSN Spetsnaz
70%
EQS Tamacheqs
70%
ZYZ Zyzomys
70%
NUX Fondaparinux
60%
PFS Kugelhopfs
60%
GNY Pouligny-saint-pierre
60%
CQS Romestecqs
50%
No matching quizzes found
Score Distribution
Percent of People with Each Score
Percentile by Number Answered
Your Score History
You have not taken this quiz